[Event "Rennes op 7th"]
[Site "Rennes"]
[Date "2014.07.09"]
[Round "6"]
[White "Le Goff, Damien"]
[Black "Venard, Paul Andre"]
[Result "1-0"]
[WhiteElo "2266"]
[BlackElo "2027"]
[PlyCount "69"]
[EventDate "2014.07.05"]
[EventType "swiss"]
[EventRounds "9"]
[EventCountry "FRA"]
[SourceTitle "CBM 161 Extra"]
[Source "ChessBase"]
[SourceDate "2014.08.29"]
[SourceVersion "1"]
[SourceVersionDate "2014.08.29"]
[SourceQuality "1"]

1. Nf3 Nf6 2. c4 e6 3. Nc3 c5 4. e3 b6 5. d4 cxd4 6. exd4 Bb7 7. Bd3 Be7 8. 0-0 d5 9. cxd5 Nxd5 10. Re1 0-0 11. Bc2 Nc6 12. Qd3 Nf6 13. g3 Qd7 14. d5 exd5 15. Bg5 g6 16. Rxe7 Qxe7 17. Nxd5 Nxd5 18. Bxe7 Ndxe7 19. Qe3 Nd5 20. Qg5 Rad8 21. Re1 Kg7 22. h4 Nf6 23. Rd1 Rxd1+ 24. Bxd1 Rd8 25. Qc1 Nd4 26. Nxd4 Rxd4 27. h5 h6 28. hxg6 fxg6 29. Ba4 Rxa4 30. Qc7+ Kg8 31. Qb8+ Kf7 32. Qxb7+ Kg8 33. Qc6 Re4 34. Qc8+ Kf7 35. Qc7+ 1-0

[Event "FRA-ch op-B"]
[Site "Nancy"]
[Date "2013.08.14"]
[Round "3"]
[White "Venard, Paul Andre"]
[Black "Legrand, Vincent"]
[Result "1-0"]
[WhiteElo "1933"]
[BlackElo "1837"]
[PlyCount "71"]
[EventDate "2013.08.11"]
[EventType "swiss"]
[EventRounds "11"]
[EventCountry "FRA"]
[SourceTitle "CBM 156 Extra"]
[Source "ChessBase"]
[SourceDate "2013.10.22"]
[SourceVersion "1"]
[SourceVersionDate "2013.10.22"]
[SourceQuality "1"]

1. d4 Nf6 2. c4 g6 3. Nf3 Bg7 4. g3 0-0 5. Bg2 d6 6. 0-0 c6 7. Nc3 Qa5 8. Bg5 h6 9. Bxf6 Bxf6 10. Qd2 Bg7 11. Rab1 e5 12. Rfd1 Nd7 13. b4 Qc7 14. dxe5 Nxe5 15. Nxe5 dxe5 16. b5 Bf5 17. Rbc1 Rad8 18. Qe3 Rxd1+ 19. Rxd1 Kh7 20. bxc6 bxc6 21. c5 Qa5 22. Rd6 e4 23. Nxe4 Qe1+ 24. Bf1 Bh3 25. Nd2 Rb8 26. f4 Qa1 27. Kf2 Be6 28. Bg2 Bd5 29. Nf3 Rb5 30. Ne5 Bf8 31. Bxd5 Bxd6 32. cxd6 Rxd5 33. Nxf7 Kg7 34. Qe7 Qd4+ 35. Kg2 Qf6 36. Ng5+ 1-0

[Event "Rennes op 6th"]
[Site "Rennes"]
[Date "2013.07.12"]
[Round "9"]
[White "Venard, Paul Andre"]
[Black "Savalle, Alexandre"]
[Result "0-1"]
[WhiteElo "1936"]
[BlackElo "2011"]
[PlyCount "74"]
[EventDate "2013.07.06"]
[EventType "swiss"]
[EventRounds "9"]
[EventCountry "FRA"]
[SourceTitle "CBM 155 Extra"]
[Source "ChessBase"]
[SourceDate "2013.08.26"]
[SourceVersion "1"]
[SourceVersionDate "2013.08.26"]
[SourceQuality "1"]

1. d4 Nf6 2. c4 c5 3. d5 e6 4. Nc3 exd5 5. cxd5 d6 6. e4 g6 7. Bd3 Bg7 8. Nge2 0-0 9. 0-0 Re8 10. h3 a6 11. a4 Nbd7 12. f4 c4 13. Bc2 Nc5 14. Ng3 h5 15. Qf3 h4 16. Nge2 Qe7 17. e5 dxe5 18. fxe5 Qxe5 19. Qf2 Nd3 20. Qxh4 Nxc1 21. Raxc1 Nxd5 22. Rce1 Ne3 23. Nf4 Qc5 24. Ne4 Qd4 25. Rxe3 Qxe3+ 26. Kh1 Rxe4 27. Bxe4 Qxe4 28. Qd8+ Kh7 29. Qh4+ Bh6 30. Qf6 Qf5 31. Qd8 g5 32. Re1 Qxf4 33. Re8 Bg7 34. Qd1 Bg4 35. Qc2+ Bf5 36. Qe2 Rxe8 37. Qxe8 Be4 0-1

[Event "FRA-chT U20 16 GP Haute 1213"]
[Site "France"]
[Date "2013.05.20"]
[Round "11"]
[White "Venard, Paul Andre"]
[Black "Rodriguez, Adrien"]
[Result "0-1"]
[WhiteElo "1868"]
[BlackElo "2012"]
[PlyCount "78"]
[EventDate "2012.12.01"]
[EventType "team"]
[EventRounds "11"]
[EventCountry "FRA"]
[SourceTitle "EXT 2014"]
[Source "ChessBase"]
[SourceDate "2013.11.20"]
[SourceVersion "1"]
[SourceVersionDate "2013.11.20"]
[SourceQuality "1"]
[WhiteTeam "Nancy (U20)"]
[BlackTeam "Creteil (U20)"]
[WhiteTeamCountry "FRA"]
[BlackTeamCountry "FRA"]

1. d4 Nf6 2. c4 c5 3. d5 e6 4. Nc3 exd5 5. cxd5 d6 6. e4 g6 7. Bd3 Bg7 8. Nge2 0-0 9. 0-0 Na6 10. h3 Nc7 11. f4 Re8 12. Ng3 h5 13. Qf3 Qe7 14. a4 b6 15. e5 dxe5 16. fxe5 Qxe5 17. Bf4 Qd4+ 18. Kh1 c4 19. Bc2 Ncxd5 20. Bg5 Be6 21. Rad1 Qe5 22. Bxf6 Nxf6 23. Rde1 Qg5 24. Nge4 Nxe4 25. Nxe4 Qe7 26. Qg3 h4 27. Qf4 Bf5 28. Nd6 Qxe1 29. Bxf5 Qe5 30. Nxe8 Qxf4 31. Rxf4 Rxe8 32. Re4 Rd8 33. Bg4 f5 34. Bxf5 gxf5 35. Rxh4 Rc8 36. Rf4 Bxb2 37. Rf2 c3 38. Rc2 Rd8 39. Kg1 Rd2 0-1

[Event "FRA-chT U20 1112"]
[Site "France"]
[Date "2011.12.04"]
[Round "2"]
[White "Venard, Paul Andre"]
[Black "Dumas, Charles"]
[Result "0-1"]
[WhiteElo "1764"]
[BlackElo "1868"]
[PlyCount "190"]
[EventDate "2011.12.03"]
[EventType "team-swiss"]
[EventRounds "7"]
[EventCountry "FRA"]
[SourceTitle "EXT 2013"]
[Source "ChessBase"]
[SourceDate "2012.11.22"]
[SourceVersion "1"]
[SourceVersionDate "2012.11.22"]
[SourceQuality "1"]

1. Nf3 d5 2. d4 Nf6 3. c4 c6 4. Qc2 g6 5. Bf4 Bg7 6. e3 Bf5 7. Qb3 Qb6 8. Nc3 Qxb3 9. axb3 0-0 10. c5 Nbd7 11. h3 Rfe8 12. b4 a6 13. Be2 Ne4 14. g4 Nxc3 15. bxc3 Be4 16. 0-0 Bxf3 17. Bxf3 e5 18. Bg3 exd4 19. cxd4 Nf6 20. Rad1 Ne4 21. Kg2 Re6 22. Rfe1 Rf8 23. Bxe4 Rxe4 24. f3 Re6 25. e4 Rfe8 26. e5 f6 27. f4 f5 28. Kf3 Kf7 29. Bf2 Rg8 30. Rg1 Bh6 31. Bh4 Ree8 32. Bf6 Ke6 33. Rg2 Ra8 34. Rdg1 Rgb8 35. gxf5+ Kxf5 36. Bg5 Bg7 37. Be7 Bh6 38. Bd6 Rh8 39. Rg4 a5 40. bxa5 Rxa5 41. Rb1 Ra3+ 42. Kg2 Bxf4 43. Rxb7 Ke4 44. e6 Ra2+ 45. Kg1 g5 46. Bxf4 gxf4 47. Rf7 Kxd4 48. Rgxf4+ Kxc5 49. e7 Re8 50. Rxh7 Re2 51. Rff7 Kd6 52. Rf6+ Re6 53. Rxe6+ Kxe6 54. Rh6+ Kd7 55. Rg6 Rxe7 56. Kf2 Re6 57. Rg5 Kd6 58. h4 Rh6 59. h5 Kc5 60. Ke3 Re6+ 61. Kd3 Re4 62. h6 Rh4 63. Rg6 Rh3+ 64. Kd2 d4 65. Kc2 Kd5 66. Kd2 c5 67. Ra6 Rh2+ 68. Kc1 c4 69. Ra5+ Ke4 70. Rg5 Rxh6 71. Rg4+ Kd5 72. Rg5+ Kc6 73. Kb2 Rd6 74. Kc2 d3+ 75. Kc1 c3 76. Rg1 Kc5 77. Kd1 Kc4 78. Rg8 d2 79. Rc8+ Kd4 80. Kc2 Ke3 81. Re8+ Kf3 82. Rf8+ Ke3 83. Re8+ Kd4 84. Rc8 Rd5 85. Rc7 Rc5 86. Rd7+ Kc4 87. Rd8 Rb5 88. Rc8+ Rc5 89. Rd8 Re5 90. Rc8+ Kd4 91. Rd8+ Ke3 92. Rd3+ Ke2 93. Rd8 Ke1 94. Rd3 Re2 95. Rd8 d1Q+ 0-1

[Event "FRA-ch U12"]
[Site "Aix les Bains"]
[Date "2009.04.23"]
[Round "6"]
[White "Hyjazi, Theo"]
[Black "Venard, Paul Andre"]
[Result "1-0"]
[WhiteElo "1770"]
[BlackElo "1631"]
[PlyCount "107"]
[EventDate "2009.04.19"]
[EventType "swiss"]
[EventRounds "9"]
[EventCountry "FRA"]
[SourceTitle "CBM 130 Extra"]
[Source "ChessBase"]
[SourceDate "2009.07.02"]
[SourceVersion "2"]
[SourceVersionDate "2009.07.15"]
[SourceQuality "1"]

1. d4 d5 2. c4 e5 3. dxe5 d4 4. Nf3 Nc6 5. h3 Bb4+ 6. Nbd2 Nge7 7. a3 Bxd2+ 8. Bxd2 Ng6 9. e3 d3 10. Bc3 d2+ 11. Qxd2 Qxd2+ 12. Kxd2 Bf5 13. Rd1 0-0-0+ 14. Kc1 Rxd1+ 15. Kxd1 Re8 16. Be2 Ngxe5 17. Nxe5 Nxe5 18. Kc1 Nd3+ 19. Bxd3 Bxd3 20. c5 g6 21. Kd2 Rd8 22. Bd4 Be4 23. f3 Bc6 24. Kc3 f5 25. Re1 Re8 26. b4 a6 27. Kc4 Kd7 28. Rd1 Ke6 29. Rd2 Bd5+ 30. Kc3 c6 31. Re2 Kd7 32. Kd3 Bf7 33. e4 f4 34. Bf6 Ke6 35. Bg5 Ke5 36. Kc3 Rc8 37. Rd2 Be6 38. Be7 h6 39. Bd6+ Kf6 40. Bxf4 h5 41. h4 Kf7 42. Kd4 Rd8+ 43. Bd6 Rd7 44. Ke5 Rd8 45. Kf4 Rd7 46. g4 hxg4 47. fxg4 Rd8 48. Kg5 Rd7 49. Rf2+ Kg7 50. Rf6 Bf7 51. e5 Rd8 52. e6 Be8 53. e7 Rd7 54. Rf8 1-0